| 000 | 00803nam a2200253 i 4500 | ||
|---|---|---|---|
| 001 | 133740 | ||
| 003 | ES-MaACL | ||
| 005 | 20250726220531.0 | ||
| 007 | t| | ||
| 008 | 070828s1976 fr ||||1| fre d | ||
| 020 | _a2-221-50101-2 | ||
| 080 | _a792.54 | ||
| 100 | 1 |
_aKobbé, Gustave. _968389 |
|
| 245 | 1 | 0 |
_aTout l'opéra / _cGustave Kobbé ; traduit de l'anglais par Marie-Caroline Aubert et Denis Collins ; adaptation française de Martine Kahane. |
| 250 | _aed. établie et rév. | ||
| 260 |
_aParis : _bRobert Laffont, _c[1980] |
||
| 300 |
_a957 p. ; _c20 cm. |
||
| 490 | 1 | _aBouquins | |
| 500 | _aBiblioteca Jacinto Martínez Lacalle. | ||
| 650 | 7 |
_aÓpera _2embne _915706 |
|
| 830 | 0 |
_aBouquins _9184870 |
|
| 852 |
_aES-MaACL _jE-12045 _bR.139934 |
||
| 999 |
_c133740 _d133740 |
||